british actors by movie/tv - Statistics

General Stats
  • This quiz has been taken 42 times
  • The average score is 22 of 57
Answer Stats
Hint Answer % Correct
Sherlock, Doctor Strange benedict cumberbatch
89%
Harry Potter, woman in black Daniel Radcliffe
87%
Bridget jones diary, st trinians, kings speech Colin Firth
82%
skyfall, the golden compass, spectre Daniel Craig
82%
Noah, Silence of the lambs Anthony Hopkins
76%
Bridget Jones diary, Notting hill, two weeks notice hugh Grant
74%
Danish Girl, theory of everything eddie Redmayne
68%
Luther, Thor Idris Elba
68%
twilight, Remember me Robert Pattinson
68%
Darkest Hour, Harry Potter Gary Oldman
66%
Spiderman, The Impossible Tom Holland
63%
harry potter, Robin hood prince of thieves Alan Rickman
61%
Beauty and the beast, trainspottting, star wars prequels Ewan Mcgregor
61%
Olympus has Fallen, 300, nims island Gerard Butler
58%
the Night manager, House Hugh Laurie
58%
Thor, the night Manager Tom Hiddleston
58%
Batman Christian Bale
53%
Doctor who, Jessica jones David Tennant
53%
The Holiday, Fantastic beast crimes of grindlewald Jude law
47%
Doctor who, The Crown Matt Smith
47%
star trek, lady jane, emoji movie Patrick Stewart
47%
kingsman, Now you see me Michael Caine
45%
The witcher, Man of steel, Man from uncle Henry Cavil
42%
harry potter, maid in manhattan. english patient ralph Fiennes
42%
X Men, Split, Narnia James McAvoy
39%
LIttle Britain, wind in the willow Matt Lucas
37%
Kingsman, eddie the eagle Taron Egerton
37%
The Good Doctor, Bates motel, Charlie and the chocolate factory Freddie Highmore
34%
wandavision, Avengers infinity war Paul Bettany
34%
Twilight, Good Omens Michael Sheen
32%
warm Bodies, X men first class, Jack the giant slayer Nicholas Hoult
32%
Doctor who, paddington Peter Capaldi
32%
A Discovery of witches, Downton Abbey Matthew Goode
29%
Homeland, Damian Lewis
26%
Beauty and the beast, downton abbey Dan Stevens
26%
The Pembrokeshire Murders, Beauty and the beast Luke Evans
26%
Then Came you, Sex Education Asa Butterfield
24%
princess bride, ella enchanted Cary Elwes
24%
Wolf Hall, the other boleyn girl Mark Rylance
24%
Once upon a time, Trainspotting, cobra Robert Carlyle
24%
beauty and the beast Ian Mckellan
21%
spy kids, the good wife, xmen 2 Alan Cumming
18%
Paddington, Casino Royale, Mary Poppins returns Ben whishaw
18%
Gossip Girl, Chalet Girl Ed Westwick
18%
Victoria, A Knights Tale, Man in the high castle Rufus Sewell
18%
Bloodshot, Outlander Sam Heughan
18%
True Blood Stephen Moyer
18%
Harry Potter, The Flash Tom Felton
18%
titanic, Secret of Moonacre, Harrow Ioan Gruffudd
16%
The OA, Harry potter jason isaacs
16%
Sherlock Holmes, kingsman Mark Strong
16%
Harry Potter Michael Gambon
16%
Mothers day Jack Whitehall
13%
Leonardo, Bridgerton Jonathon Bailey
11%
A Discovery of witches, Rome, Sex Education James Purefoy
8%
Paddington, Harry potter Brendan Gleason
0%
Boy in Striped Pjamas David hewlis
0%
No matching quizzes found
Score Distribution
Percent of People with Each Score
Percentile by Number Answered
Your Score History
You have not taken this quiz